Sons de Rilès - Statistiques

Statistiques générales
  • Ce quiz a été pris 64 fois
    33 depuis la dernière actualisation
  • Le résultat moyen est 53 sur 175
Statistiques - réponses
Réponse % Correct
Pesetas
88%
SURVIVAL
88%
Brothers
82%
In the jungle
76%
MARIJUANA
76%
MONEY TREES
76%
OBVIOUS
76%
DON'T CRY MY LOVE
71%
Should I
71%
MYSELF N THE SEA
65%
The heartbreak
65%
UTOPIA
65%
BIG TROUBLE
59%
DEAD OR ALIVE
59%
END OF SURVIVAL
59%
LOST
59%
MOONTALK
59%
READY TO DIE
59%
SAVE MY MIND
59%
THANK GOD
59%
Understood
59%
BEAST!
53%
E A VERDADE
53%
Enjoy the ride
53%
HOME
53%
I LOVE YOU
53%
JUSTICE & PEACE
53%
QUEEN
53%
Alive
47%
BUSINESS IS BUSINESS
47%
Fucklalife
47%
No lie
47%
Riles (21)
47%
STITCHES
47%
THE HEARTBREAK v2
47%
AGAINST THE CLOCK
41%
Remedy
41%
E knows
41%
I do it
41%
I'll be back
41%
LONELY NIGHTS
41%
NO TEARS
41%
Ohmama
41%
Rebeus in oran
41%
STAY CLEAN
41%
The cleaning lady
41%
THE DEVIL'S IN THE CITY
41%
Those nights
41%
U RIGHT?
41%
After the darkness
35%
A happy new year
35%
BURNING STAR
35%
Champion
35%
college dropout
35%
PRESSURE
35%
Eastside georgia
35%
For mama
35%
GTFO
35%
INTERLUDE
35%
I WISH I HAD THE TIME
35%
LEAVING THE CITY
35%
Nowadays
35%
NUMBER ONE
35%
OLD DAYZ
35%
PARADISE
35%
Real talk
35%
RILESINTERNATIONAL
35%
RUN!
35%
SOUL SPEECH
35%
Una vez mas
35%
unexpected
35%
1000 REASONS
29%
4AM
29%
ADMIRATION
29%
ARE YOU A STAR?
29%
BABY MAMA RAINY DAY
29%
BERIZ
29%
CLIQUE
29%
DAMNED?
29%
Energy
29%
Evil
29%
GOA
29%
I'll try
29%
I love it
29%
INDUSTRY GAMES
29%
JUVENILE
29%
My soul
29%
NSFW
29%
ON MY PHONE
29%
Snakes..!
29%
SOMETIMES
29%
TIME OUT
29%
Ultimatum
29%
wash my car
29%
ANNIE WANTS MORE
24%
Another complaint, but...
24%
Away
24%
Dontreallyknow
24%
Drop it like it's on fire
24%
FEELINGS
24%
FOR THE SHOW
24%
LAA SAUUUCE
24%
LET IT GO
24%
Maille
24%
Manslaughter
24%
ME FALLING
24%
Most wanted
24%
NO REGRETS
24%
No sleep
24%
ON GOD
24%
PINKY PROMISE
24%
PKMN (RED)
24%
Show must go on
24%
U better listen
24%
U like
24%
Wasted in Berlin
24%
22 TIL INFINITY
18%
2 BRAINZ
18%
Ain't even started
18%
Bellek
18%
BETTER DAYS
18%
BLESSINGS
18%
Booska jungle
18%
BORN LIKE THIS
18%
DOWN ON ME
18%
Earthquake
18%
HOLD IT DOWN
18%
I TOUGHT
18%
It's just the beginning
18%
KEEP IT SEXY
18%
LA MANIA
18%
LOST IN MY WORLD
18%
PICK IT UP
18%
RESOLUTION
18%
STEEL INSIDE
18%
STILL THE SAME, MAMACITA
18%
WAVEFORMS
18%
WHYYOUWALKIN?
18%
X
18%
Empire
12%
GO CRAZY
12%
GOLDEN
12%
Gotta lotta
12%
I AINT GETTIN SLEEP
12%
INSTINCT
12%
LETS GO
12%
WORST BEHAVIOR
12%
ANOTHER DAY, ANOTHER CHALLENGE
6%
Bad boys good sons
6%
Blood on my lips
6%
CHILLS
6%
DON'T LIE
6%
EVERYDAYS
6%
FREEMAN FREESTYLE
6%
I feel like
6%
IT IS NOT A MISTAKE IF IT GOES IN CIRCLE
6%
Love the way you dance
6%
MENTAL
6%
NGW
6%
Outro eddy's laugh
6%
REMIND ME
6%
SOMEONE ELSE
6%
Sugarbabe
6%
TIME CHAMBER
6%
WAITING AROUND TO DIE
6%
WASSUP
6%
YA HABIBI YA
6%
YOUR SMILE
6%
AYAYAYYYy
0%
BIG PLANS
0%
BIZ IN THE TRAP
0%
CAN'T STOP
0%
DAYS ON THE WALL
0%
MIDNIGHT
0%
YOUSATONMYMIND
0%
Aucun quiz correspondant
Distribution des résultats
% des personnes avec chaque résultat
Percentile par nombre de réponses
Votre historique - résultats
Vous n’avez pas pris ce quiz depuis la dernière actualisation